Continuum thermomechanics : the art and science of modelling material behaviour (Record no. 138564)

MARC details
000 -LEADER
fixed length control field 00797nam a2200241Ia 4500
008 - FIXED-LENGTH DATA ELEMENTS--GENERAL INFORMATION
fixed length control field 191130s2000##################000#0#eng##
020 ## - INTERNATIONAL STANDARD BOOK NUMBER
ISBN 9780792364078
082 ## - DEWEY DECIMAL CLASSIFICATION NUMBER
Classification number 536.7 MAU
245 ## - TITLE STATEMENT
Title Continuum thermomechanics : the art and science of modelling material behaviour
Statement of responsibility, etc edited by Gérard A. Maugin, Raymonde Drouot, and François Sidoroff
260 ## - PUBLICATION, DISTRIBUTION, ETC. (IMPRINT)
Place of publication Dordrecht ; Boston
Name of publisher Kluwer Academic Publishers
Year of publication c2000
300 ## - PHYSICAL DESCRIPTION
Number of Pages ix, 417 p. : ill. ; 25 cm
500 ## - GENERAL NOTE
General note Includes bibliographical references
650 ## - SUBJECT ADDED ENTRY--TOPICAL TERM
Topical Term Continuum mechanics
Topical Term Thermodynamics
700 ## - ADDED ENTRY--PERSONAL NAME
Personal name Drouot, Raymonde
Personal name Germain, Paul
Personal name Maugin, G. A
991 ## -
-- 254137
Holdings
Withdrawn status Lost status Damaged status Not for loan Home library Current library Shelving location Date acquired Full call number Accession Number Price effective from Koha item type
        Anna Centenary Library Anna Centenary Library 5TH FLOOR, A WING 12.10.2020 536.7 MAU 209422 12.10.2020 English Books

Find us on the map